skbl

Dr Suryya Kumar Bhuyan Library Web-OPAC
ডঃ সূৰ্য্য
কুমাৰ ভূঞা পুথিভঁৰাল ৱেব-অ'পেক

All Research Scholars are advised to clear the annual library fees to continue using Library Resources, Remote Access, Plagiarism Test and Library Clearance.

Cotton University Book Fair 2026

Victorian Prose: A Selection / (Record no. 5593)

MARC details
000 -LEADER
fixed length control field 00762nam a2200277Ia 4500
001 - CONTROL NUMBER
control field 5606
005 - DATE AND TIME OF LATEST TRANSACTION
control field 20240113233839.0
007 - PHYSICAL DESCRIPTION FIXED FIELD--GENERAL INFORMATION
fixed length control field ta
008 - FIXED-LENGTH DATA ELEMENTS--GENERAL INFORMATION
fixed length control field 050621s1994 a g b000 u eng u
020 ## - INTERNATIONAL STANDARD BOOK NUMBER
Terms of availability PB
040 ## - CATALOGING SOURCE
Original cataloging agency Cotton College Assam
041 ## - LANGUAGE CODE
Language code of text/sound track or separate title eng
082 ## - DEWEY DECIMAL CLASSIFICATION NUMBER
Classification number 824.08
Item number Se 73 Vi
100 ## - MAIN ENTRY--PERSONAL NAME
Personal name Seturaman, V.S. .
245 #0 - TITLE STATEMENT
Title Victorian Prose: A Selection /
Statement of responsibility, etc. V.S. Seturaman, C.T. Indra.
Medium Textual Documents
250 ## - EDITION STATEMENT
Edition statement 1st ed. /
260 ## - PUBLICATION, DISTRIBUTION, ETC.
Place of publication, distribution, etc. Madras :
Name of publisher, distributor, etc. Macmillan India Ltd. ,
Date of publication, distribution, etc. 1994.
300 ## - PHYSICAL DESCRIPTION
Extent iv, 356p. :
Other physical details ill. ;
Dimensions 18cm .
440 ## - SERIES STATEMENT/ADDED ENTRY--TITLE
Title Macmillan`s Annonated Classics,
490 ## - SERIES STATEMENT
Series statement Macmillan`s Annonated Classics,
504 ## - BIBLIOGRAPHY, ETC. NOTE
Bibliography, etc. note Bib.
653 ## - INDEX TERM--UNCONTROLLED
Uncontrolled term English-Essays
942 ## - ADDED ENTRY ELEMENTS (KOHA)
Source of classification or shelving scheme Dewey Decimal Classification
Koha item type Books
Holdings
Withdrawn status Lost status Damaged status Not for loan Collection Home library Current library Date acquired Coded location qualifier Total checkouts Full call number Barcode Date last seen Copy number Price effective from Koha item type
          Dr. Suryya Kumar Bhuyan Library Dr. Suryya Kumar Bhuyan Library 01/02/2012 00000   824.08 Se 73 Vi 88597 13/01/2024 1 01/02/2012 Books

Designed and Maintained by Team SKBL
©1901-2026

Powered by Koha